[Event "ARG-ch U18"]
[Site "Ibague"]
[Date "2024.03.15"]
[Round "2"]
[White "Cuartas Lozano, Santiago"]
[Black "Betancourt Vega, Breynner David"]
[Result "1-0"]
[WhiteElo "1632"]
[BlackElo "1515"]
[PlyCount "53"]
[EventDate "2024.03.14"]
[EventType "swiss"]
[EventRounds "7"]
[EventCountry "COL"]
[SourceTitle "CB12_2024"]
[SourceDate "2023.10.01"]
[SourceVersion "1"]
[SourceVersionDate "2023.10.01"]
[SourceQuality "1"]

1. e4 d5 2. exd5 Qxd5 3. Nc3 Qa5 4. Nf3 Nf6 5. Bc4 e6 6. 0-0 a6 7. a3 c5 8. d3 b5 9. Bb3 Bb7 10. Re1 Be7 11. Bf4 Nbd7 12. Ng5 h6 13. Nge4 0-0 14. Qf3 Nxe4 15. Nxe4 Nb6 16. Qg3 Kh7 17. Bd2 b4 18. axb4 Qb5 19. bxc5 Bxc5 20. Ra5 Bxf2+ 21. Qxf2 Qc6 22. Rc5 Qd7 23. Nf6+ gxf6 24. Qxf6 Nd5 25. Qxh6+ Kg8 26. Qg5+ Kh8 27. Re3 1-0

[Event "ARG-ch U18"]
[Site "Ibague"]
[Date "2024.03.14"]
[Round "1"]
[White "Garzon Camelo, Andres Santiago"]
[Black "Cuartas Lozano, Santiago"]
[Result "1-0"]
[WhiteElo "2081"]
[BlackElo "1632"]
[PlyCount "53"]
[EventDate "2024.03.14"]
[EventType "swiss"]
[EventRounds "7"]
[EventCountry "COL"]
[SourceTitle "CB12_2024"]
[SourceDate "2023.10.01"]
[SourceVersion "1"]
[SourceVersionDate "2023.10.01"]
[SourceQuality "1"]

1. e4 c5 2. Nf3 g6 3. c3 Nf6 4. e5 Nd5 5. d4 cxd4 6. cxd4 Bg7 7. Bc4 Nb6 8. Bb3 0-0 9. 0-0 d6 10. exd6 Qxd6 11. Nc3 Bf5 12. Re1 Nc6 13. Bg5 a6 14. d5 Ne5 15. Nd4 Ng4 16. Nf3 Rfe8 17. h3 Nf6 18. Qd2 Rac8 19. Ne5 Nfd7 20. Nxd7 Bxd7 21. Ne4 Qb8 22. Qb4 Bb5 23. a4 Bd3 24. Qxb6 Bxb2 25. d6 Rc6 26. Bxf7+ Kxf7 27. Qxb2 1-0

[Event "Medellin Easter op 10th"]
[Site "Medellin"]
[Date "2022.04.16"]
[Round "6"]
[White "Cuartas Lozano, Santiago"]
[Black "Diaz Larrea, Juan Manuel"]
[Result "0-1"]
[WhiteElo "1444"]
[BlackElo "1672"]
[PlyCount "37"]
[EventDate "2022.04.13"]
[EventType "swiss"]
[EventRounds "8"]
[EventCountry "COL"]
[SourceTitle "CBM 207 Extra"]
[Source "ChessBase"]
[SourceDate "2022.05.31"]
[SourceVersion "1"]
[SourceVersionDate "2022.05.31"]
[SourceQuality "1"]

1. e4 e5 2. Nf3 Nc6 3. d4 exd4 4. Nxd4 Bc5 5. c3 Qf6 6. Be3 Nge7 7. Bc4 d5 8. Bd3 Qg6 9. Qf3 Ne5 10. Qd1 Qxg2 11. Kd2 Nxd3 12. Kxd3 Qxe4+ 13. Kd2 0-0 14. Re1 Ng6 15. b4 Bb6 16. Na3 Nf4 17. f3 Qd3+ 18. Kc1 Qxc3+ 19. Nac2 0-1

[Event "Medellin Easter op 10th"]
[Site "Medellin"]
[Date "2022.04.15"]
[Round "5"]
[White "Cifuentes Pena, Santiago"]
[Black "Cuartas Lozano, Santiago"]
[Result "0-1"]
[WhiteElo "1435"]
[BlackElo "1444"]
[PlyCount "77"]
[EventDate "2022.04.13"]
[EventType "swiss"]
[EventRounds "8"]
[EventCountry "COL"]
[SourceTitle "CBM 207 Extra"]
[Source "ChessBase"]
[SourceDate "2022.05.31"]
[SourceVersion "1"]
[SourceVersionDate "2022.05.31"]
[SourceQuality "1"]

1. e4 c5 2. Nf3 g6 3. d4 cxd4 4. Nxd4 Nc6 5. Nc3 Bg7 6. Nxc6 bxc6 7. Bf4 d6 8. Bc4 Nf6 9. 0-0 0-0 10. Qf3 Rb8 11. Bb3 Bd7 12. Be3 Rb7 13. Rfd1 Bg4 14. Qg3 Bxd1 15. Rxd1 Qd7 16. e5 Nh5 17. Qf3 Bxe5 18. Ba4 Rc7 19. Nd5 Rcc8 20. b3 Nf6 21. Nxf6+ Bxf6 22. h3 Rc7 23. Bf4 e5 24. Be3 Bg7 25. Bg5 f5 26. Qc3 f4 27. f3 d5 28. Qd3 Qf5 29. Bh4 g5 30. Bf2 Qe6 31. Bc5 Rb8 32. Re1 Bf8 33. Bf2 Re8 34. Qe2 e4 35. Qd2 e3 36. Qd1 exf2+ 37. Kxf2 Qxe1+ 38. Qxe1 Rxe1 39. Kxe1 0-1

[Event "Medellin Easter op 10th"]
[Site "Medellin"]
[Date "2022.04.14"]
[Round "3"]
[White "Cuartas Lozano, Santiago"]
[Black "Bermudez, Tomas Alejandro"]
[Result "1-0"]
[WhiteElo "1444"]
[BlackElo "1545"]
[PlyCount "89"]
[EventDate "2022.04.13"]
[EventType "swiss"]
[EventRounds "8"]
[EventCountry "COL"]
[SourceTitle "CBM 207 Extra"]
[Source "ChessBase"]
[SourceDate "2022.05.31"]
[SourceVersion "1"]
[SourceVersionDate "2022.05.31"]
[SourceQuality "1"]

1. e4 e5 2. Nf3 Nc6 3. d4 exd4 4. Nxd4 d6 5. Bc4 Ne5 6. Bb3 Nf6 7. 0-0 c5 8. Nf3 Be6 9. Nxe5 Bxb3 10. axb3 dxe5 11. Qxd8+ Kxd8 12. Nc3 Bd6 13. Rd1 Ke7 14. Bg5 Rhd8 15. Rd3 h6 16. Bh4 g5 17. Bg3 a6 18. f3 Bc7 19. Nd5+ Nxd5 20. exd5 f5 21. Re1 f4 22. Bf2 Bd6 23. c4 Rab8 24. g3 Kf7 25. gxf4 exf4 26. Re6 Bf8 27. Rb6 Rd6 28. Bxc5 Rxb6 29. Bxb6 Ke7 30. Rd2 Re8 31. Kf2 Kd7 32. Bd4 Rc8 33. Ke2 b5 34. Kd3 h5 35. Bf6 Be7 36. Bxe7 Kxe7 37. Rg2 Kf6 38. Kd4 Kf5 39. c5 g4 40. d6 gxf3 41. Rf2 Kg4 42. d7 Rd8 43. c6 h4 44. Kd5 Kf5 45. Kd6 1-0

[Event "COL Subzt 2.3.4"]
[Site "Risarald"]
[Date "2021.11.28"]
[Round "9"]
[White "Sanchez Reyes, Juan Sebastian"]
[Black "Cuartas Lozano, Santiago"]
[Result "0-1"]
[WhiteElo "1613"]
[BlackElo "1429"]
[PlyCount "56"]
[EventDate "2021.11.23"]
[EventType "swiss"]
[EventRounds "9"]
[EventCountry "COL"]
[SourceTitle "CBM 205 Extra"]
[Source "ChessBase"]
[SourceDate "2022.01.31"]
[SourceVersion "1"]
[SourceVersionDate "2022.01.31"]
[SourceQuality "1"]

1. d4 d5 2. Nf3 Nf6 3. e3 e6 4. Bd3 Bd6 5. Nbd2 c5 6. c3 Nbd7 7. 0-0 0-0 8. Re1 Qc7 9. e4 e5 10. dxe5 Nxe5 11. Bc2 b6 12. h3 Bb7 13. exd5 Bxd5 14. Ne4 Nxf3+ 15. Qxf3 Kh8 16. Bg5 Be7 17. Qg3 Qxg3 18. Nxg3 Rfe8 19. Nf5 Bd8 20. b3 Rxe1+ 21. Rxe1 Be6 22. Nd6 Be7 23. Nf5 Re8 24. Nxe7 Rxe7 25. Bxf6 gxf6 26. Bf5 Re8 27. Bxe6 Rxe6 28. Rxe6 fxe6 0-1

[Event "COL Subzt 2.3.4"]
[Site "Risarald"]
[Date "2021.11.25"]
[Round "5"]
[White "Diaz Larrea, Juan Manuel"]
[Black "Cuartas Lozano, Santiago"]
[Result "1-0"]
[WhiteElo "1688"]
[BlackElo "1429"]
[PlyCount "50"]
[EventDate "2021.11.23"]
[EventType "swiss"]
[EventRounds "9"]
[EventCountry "COL"]
[SourceTitle "CBM 205 Extra"]
[Source "ChessBase"]
[SourceDate "2022.01.31"]
[SourceVersion "1"]
[SourceVersionDate "2022.01.31"]
[SourceQuality "1"]

1. e4 c5 2. Nf3 g6 3. d4 cxd4 4. Nxd4 Nc6 5. c4 Bg7 6. Be3 Nf6 7. Nc3 0-0 8. Be2 d6 9. 0-0 Nd7 10. a3 Nde5 11. h3 Nxd4 12. Bxd4 Be6 13. f4 Nc6 14. Bxg7 Kxg7 15. b4 f5 16. b5 Qb6+ 17. Kh1 Qd4 18. bxc6 Qxc3 19. cxb7 Rab8 20. Rf3 Qf6 21. e5 dxe5 22. fxe5 Qxe5 23. Rb1 Qc5 24. Rc3 Bd5 25. Qxd5 Qc6 1-0

[Event "Tolima Deportivo op"]
[Site "Tolima"]
[Date "2021.11.14"]
[Round "5"]
[White "Patino, Jairo"]
[Black "Cuartas Lozano, Santiago"]
[Result "1-0"]
[WhiteElo "1606"]
[BlackElo "1429"]
[PlyCount "69"]
[EventDate "2021.11.12"]
[EventType "swiss"]
[EventRounds "7"]
[EventCountry "COL"]
[SourceTitle "CBM 205 Extra"]
[Source "ChessBase"]
[SourceDate "2022.01.31"]
[SourceVersion "1"]
[SourceVersionDate "2022.01.31"]
[SourceQuality "1"]

1. e4 c5 2. Nf3 g6 3. d4 cxd4 4. Nxd4 Nc6 5. Be3 Bg7 6. c4 Nf6 7. Nc3 0-0 8. Be2 b6 9. Qd2 Bb7 10. f3 Rc8 11. Rc1 e6 12. g4 Ne8 13. 0-0 f5 14. Rcd1 fxg4 15. fxg4 Nf6 16. Ndb5 Ne5 17. g5 Nfg4 18. Bf4 a6 19. Nd6 Rb8 20. h3 h6 21. hxg4 hxg5 22. Bxg5 Rxf1+ 23. Rxf1 Qc7 24. Bf6 Bxf6 25. Rxf6 Kg7 26. Rf2 Rh8 27. Rh2 Rxh2 28. Kxh2 Nf7 29. e5 Qc5 30. Nxb7 Qf2+ 31. Kh1 Nxe5 32. Ne4 Qh4+ 33. Kg1 Nxg4 34. Bxg4 Qxg4+ 35. Qg2 1-0

[Event "Tolima Deportivo op"]
[Site "Tolima"]
[Date "2021.11.13"]
[Round "3"]
[White "Guzman Murcia, Maria Alejandra"]
[Black "Cuartas Lozano, Santiago"]
[Result "0-1"]
[WhiteElo "1497"]
[BlackElo "1429"]
[PlyCount "52"]
[EventDate "2021.11.12"]
[EventType "swiss"]
[EventRounds "7"]
[EventCountry "COL"]
[SourceTitle "CBM 205 Extra"]
[Source "ChessBase"]
[SourceDate "2022.01.31"]
[SourceVersion "1"]
[SourceVersionDate "2022.01.31"]
[SourceQuality "1"]

1. e4 c5 2. Nc3 a6 3. a3 g6 4. Bc4 Bg7 5. Nf3 Nc6 6. d3 e6 7. 0-0 Nge7 8. Bf4 d5 9. exd5 exd5 10. Ba2 0-0 11. Ne2 Bxb2 12. Rb1 Bf6 13. Bh6 Re8 14. Nf4 Nf5 15. Nxd5 Nxh6 16. Re1 Rxe1+ 17. Qxe1 Be6 18. c4 Rb8 19. Nf4 Qd7 20. Rb6 Qc7 21. Rb2 Qxf4 22. Re2 Nd4 23. Nxd4 Bxd4 24. Qa5 Ng4 25. Qe1 Qxh2+ 26. Kf1 Qh1# 0-1

[Event "Central America Carribean-ch U20"]
[Site "Pereira"]
[Date "2021.09.26"]
[Round "9"]
[White "Cuartas Lozano, Santiago"]
[Black "Abreu Balza, Alan Jeremias"]
[Result "1-0"]
[WhiteElo "1212"]
[BlackElo "1328"]
[PlyCount "77"]
[EventDate "2021.09.21"]
[EventType "swiss"]
[EventRounds "9"]
[EventCountry "COL"]
[SourceTitle "EXT 2023"]
[Source "ChessBase"]
[SourceDate "2022.10.05"]
[SourceVersion "1"]
[SourceVersionDate "2022.10.05"]
[SourceQuality "1"]

1. e4 e5 2. Nf3 Nc6 3. d4 exd4 4. Nxd4 Bc5 5. Be3 Qf6 6. c3 Nge7 7. Bc4 0-0 8. 0-0 Bb6 9. f4 d6 10. Kh1 Ng6 11. Qd2 Be6 12. Na3 Bxc4 13. Nxc4 Rfe8 14. Qd3 Bxd4 15. cxd4 Qe6 16. Nd2 Qe7 17. f5 Nh8 18. Rf4 Rad8 19. Raf1 Ne5 20. Qe2 Nd7 21. g4 f6 22. Qc4+ Nf7 23. Qxc7 Rc8 24. Qxb7 Rb8 25. Qxa7 Rxb2 26. Rb1 Rc2 27. Rb7 Rd8 28. Qa4 Rc1+ 29. Kg2 g5 30. fxg6 hxg6 31. Nc4 Rxc4 32. Qxc4 g5 33. Rf3 Qxe4 34. Rc7 Qxg4+ 35. Kf2 Qh4+ 36. Kg1 Qe4 37. Qe2 f5 38. Qg2 Nf6 39. Bxg5 1-0

[Event "Central America Carribean-ch U20"]
[Site "Pereira"]
[Date "2021.09.22"]
[Round "3"]
[White "Cuartas Lozano, Santiago"]
[Black "Perez Salazar, Armando"]
[Result "0-1"]
[WhiteElo "1212"]
[BlackElo "1932"]
[PlyCount "68"]
[EventDate "2021.09.21"]
[EventType "swiss"]
[EventRounds "9"]
[EventCountry "COL"]
[SourceTitle "EXT 2023"]
[Source "ChessBase"]
[SourceDate "2022.10.05"]
[SourceVersion "1"]
[SourceVersionDate "2022.10.05"]
[SourceQuality "1"]

1. e4 c5 2. Nc3 g6 3. f4 Bg7 4. Nf3 Nc6 5. Bb5 Nd4 6. Bc4 e6 7. a3 Ne7 8. 0-0 d5 9. exd5 exd5 10. Ba2 0-0 11. d3 b6 12. Be3 Ndf5 13. Bf2 d4 14. Ne4 Nd5 15. Re1 Nxf4 16. Nfg5 Nd5 17. Qf3 Bb7 18. g4 Nfe3 19. Bxe3 dxe3 20. Rab1 h6 21. Nh3 Kh8 22. Bxd5 Bxd5 23. Nf4 Bc6 24. Kf1 Qe8 25. Rxe3 Bd4 26. Re2 f5 27. Nd6 Bxf3 28. Rxe8 Rfxe8 29. gxf5 gxf5 30. c3 Be5 31. Nxe8 Bxf4 32. Re1 Be4 33. Nf6 Bxd3+ 34. Kf2 Bg5 0-1

[Event "Central America Carribean-ch U20"]
[Site "Pereira"]
[Date "2021.09.22"]
[Round "2"]
[White "Lopez Gonzalez, Carlos Andres"]
[Black "Cuartas Lozano, Santiago"]
[Result "1/2-1/2"]
[WhiteElo "1985"]
[BlackElo "1212"]
[PlyCount "92"]
[EventDate "2021.09.21"]
[EventType "swiss"]
[EventRounds "9"]
[EventCountry "COL"]
[SourceTitle "EXT 2023"]
[Source "ChessBase"]
[SourceDate "2022.10.05"]
[SourceVersion "1"]
[SourceVersionDate "2022.10.05"]
[SourceQuality "1"]

1. e4 c5 2. Nf3 g6 3. c4 Nc6 4. d4 cxd4 5. Nxd4 Nf6 6. Nc3 d6 7. Be2 Bg7 8. Be3 0-0 9. Qd2 Nxd4 10. Bxd4 Be6 11. 0-0 Qa5 12. Rfd1 Rfc8 13. b3 a6 14. Bxf6 Bxf6 15. Nd5 Qxd2 16. Nxf6+ Kg7 17. Nh5+ Kh6 18. Rxd2 gxh5 19. f4 Bg4 20. Bf1 Rg8 21. Kf2 h4 22. Re1 Rad8 23. Re3 f6 24. Red3 Rc8 25. Ke3 Rc5 26. Rd4 Rgc8 27. b4 R5c7 28. e5 Re8 29. exd6 exd6+ 30. Kf2 Be6 31. Rxd6 Bxc4 32. Rc2 Rec8 33. Rxf6+ Kg7 34. Rb6 Bxf1 35. Rxc7+ Rxc7 36. Kxf1 Rc1+ 37. Kf2 Rc2+ 38. Kf3 Rxa2 39. g4 Rxh2 40. Rxb7+ Kg8 41. g5 Rh1 42. Kg2 Rb1 43. f5 Rb3 44. Rb8+ Kf7 45. Rb7+ Kg8 46. Rb8+ Kf7 1/2-1/2

[Event "Central America Carribean-ch U20"]
[Site "Pereira"]
[Date "2021.09.21"]
[Round "1"]
[White "Cuartas Lozano, Santiago"]
[Black "Padilla Ordonez, Daniel Eduardo"]
[Result "1-0"]
[WhiteElo "1212"]
[BlackElo "1707"]
[PlyCount "55"]
[EventDate "2021.09.21"]
[EventType "swiss"]
[EventRounds "9"]
[EventCountry "COL"]
[SourceTitle "EXT 2023"]
[Source "ChessBase"]
[SourceDate "2022.10.05"]
[SourceVersion "1"]
[SourceVersionDate "2022.10.05"]
[SourceQuality "1"]

1. e4 e6 2. d4 d5 3. e5 c5 4. c3 Nc6 5. Nf3 Qb6 6. a3 cxd4 7. cxd4 Nge7 8. b3 Na5 9. Nbd2 Bd7 10. b4 Nac6 11. Nb3 Nf5 12. Bb2 Be7 13. Bd3 0-0 14. 0-0 Nd8 15. Rc1 Bb5 16. Nc5 Bxd3 17. Qxd3 Bxc5 18. Rxc5 a6 19. Rfc1 Nc6 20. g4 Nh6 21. Ng5 g6 22. Qh3 Kg7 23. R1c3 Qd8 24. Qh4 Rh8 25. Rh3 Ng8 26. Rf3 h5 27. Rxf7+ Kh6 28. Bc1 1-0

[Event "Soacha op-B"]
[Site "Soacha"]
[Date "2021.09.12"]
[Round "9"]
[White "Cuartas Lozano, Santiago"]
[Black "Angulo Ricardo, Milton"]
[Result "1-0"]
[WhiteElo "1212"]
[BlackElo "1640"]
[PlyCount "83"]
[EventDate "2021.09.08"]
[EventType "swiss"]
[EventRounds "9"]
[EventCountry "COL"]
[SourceTitle "CBM 204 Extra"]
[Source "ChessBase"]
[SourceDate "2021.11.30"]
[SourceVersion "1"]
[SourceVersionDate "2021.11.30"]
[SourceQuality "1"]

1. e4 c5 2. Nc3 d6 3. Bb5+ Bd7 4. Bxd7+ Nxd7 5. f4 e6 6. Nf3 g6 7. 0-0 Bg7 8. d3 Ne7 9. Qe1 Nb6 10. Bd2 d5 11. e5 0-0 12. Nh4 a6 13. Qg3 Kh8 14. Rf3 Nd7 15. Qf2 b5 16. g4 b4 17. Ne2 Rc8 18. Kh1 a5 19. Rh3 f6 20. exf6 Nxf6 21. Rg1 d4 22. Nf3 Qd5 23. b3 a4 24. Rg2 axb3 25. cxb3 Ra8 26. Nc1 Nc6 27. Kg1 e5 28. f5 e4 29. dxe4 Nxe4 30. Qh4 Nf6 31. fxg6 Ne5 32. Nxe5 Qxe5 33. g5 Qe4 34. gxf6 Qxh4 35. fxg7+ Kxg7 36. gxh7+ Kf6 37. Rxh4 Rh8 38. Nd3 Rac8 39. Bf4 Rhe8 40. Be5+ Rxe5 41. Nxe5 Kxe5 42. h8Q+ 1-0

[Event "Soacha op-B"]
[Site "Soacha"]
[Date "2021.09.10"]
[Round "4"]
[White "Cuartas Lozano, Santiago"]
[Black "Ramos Ortiz, Carlos Alberto"]
[Result "1-0"]
[WhiteElo "1212"]
[BlackElo "1580"]
[PlyCount "43"]
[EventDate "2021.09.08"]
[EventType "swiss"]
[EventRounds "9"]
[EventCountry "COL"]
[SourceTitle "CBM 204 Extra"]
[Source "ChessBase"]
[SourceDate "2021.11.30"]
[SourceVersion "1"]
[SourceVersionDate "2021.11.30"]
[SourceQuality "1"]

1. e4 d6 2. d4 Nf6 3. Nc3 c6 4. f4 Qa5 5. Bd2 e5 6. Nge2 Bg4 7. Qc1 Qc7 8. Be3 Nbd7 9. f5 Bxe2 10. Bxe2 exd4 11. Bxd4 Ne5 12. Qe3 Nfg4 13. Bxg4 Nxg4 14. Qg3 Ne5 15. 0-0-0 0-0-0 16. Bxe5 dxe5 17. Rxd8+ Kxd8 18. Rd1+ Kc8 19. a3 g6 20. f6 Bd6 21. Qh3+ Qd7 22. Rxd6 1-0

[Event "Feria de las Flores 28th"]
[Site "Medellin"]
[Date "2021.08.07"]
[Round "7"]
[White "Cuartas Lozano, Santiago"]
[Black "Sanchez Torres, Juliana"]
[Result "1-0"]
[WhiteElo "1194"]
[BlackElo "1249"]
[PlyCount "53"]
[EventDate "2021.08.04"]
[EventType "swiss"]
[EventRounds "9"]
[EventCountry "COL"]
[SourceTitle "EXT 2022"]
[Source "ChessBase"]
[SourceDate "2021.10.06"]
[SourceVersion "1"]
[SourceVersionDate "2021.10.06"]
[SourceQuality "1"]

1. e4 e5 2. Nf3 Nc6 3. d4 exd4 4. Nxd4 Nf6 5. Nxc6 bxc6 6. Bd3 Bc5 7. 0-0 0-0 8. Bg5 Qe7 9. Re1 d6 10. Nd2 Bg4 11. Nf3 Rae8 12. Be3 Bb4 13. c3 Bc5 14. Bxc5 dxc5 15. Re3 Rd8 16. Qc2 Nh5 17. e5 Nf4 18. Bf5 Bxf5 19. Qxf5 Nd5 20. Rd3 Nb6 21. Rad1 Rxd3 22. Rxd3 c4 23. Rd2 Rd8 24. Ng5 g6 25. Rxd8+ Qxd8 26. Qxf7+ Kh8 27. Qxh7# 1-0

[Event "Feria de las Flores 28th"]
[Site "Medellin"]
[Date "2021.08.06"]
[Round "5"]
[White "Cuartas Lozano, Santiago"]
[Black "Guerrero Ortega, Johan Nicolas"]
[Result "0-1"]
[WhiteElo "1194"]
[BlackElo "1170"]
[PlyCount "86"]
[EventDate "2021.08.04"]
[EventType "swiss"]
[EventRounds "9"]
[EventCountry "COL"]
[SourceTitle "EXT 2022"]
[Source "ChessBase"]
[SourceDate "2021.10.06"]
[SourceVersion "1"]
[SourceVersionDate "2021.10.06"]
[SourceQuality "1"]

1. e4 e5 2. Nf3 d6 3. Nc3 Nc6 4. d4 exd4 5. Nxd4 Nf6 6. Bc4 Be7 7. 0-0 0-0 8. h3 Nxd4 9. Qxd4 a6 10. Be3 c5 11. Qd1 b5 12. Bd5 Rb8 13. a3 Be6 14. f3 Re8 15. b4 Nxd5 16. Nxd5 Bxd5 17. Qxd5 Qc7 18. c3 Bf6 19. Rac1 Rbd8 20. Rfd1 c4 21. Qd2 Qb7 22. Bg5 Bxg5 23. Qxg5 Qb6+ 24. Rd4 f6 25. Qd2 d5 26. Re1 dxe4 27. fxe4 Re6 28. Kf1 Rde8 29. Qf4 Re5 30. Red1 Qb7 31. Qg3 Rxe4 32. Rxe4 Qxe4 33. Re1 Qxe1+ 34. Qxe1 Rxe1+ 35. Kxe1 Kf7 36. Ke2 Ke6 37. Kf3 Ke5 38. Ke3 f5 39. g4 f4+ 40. Kf3 g5 41. Kf2 Ke4 42. Ke2 f3+ 43. Kf1 Ke3 0-1

[Event "Feria de las Flores 28th"]
[Site "Medellin"]
[Date "2021.08.05"]
[Round "2"]
[White "Cuartas Lozano, Santiago"]
[Black "Ruiz Jaraba, Valentina Sofia"]
[Result "1/2-1/2"]
[WhiteElo "1194"]
[BlackElo "1711"]
[PlyCount "84"]
[EventDate "2021.08.04"]
[EventType "swiss"]
[EventRounds "9"]
[EventCountry "COL"]
[SourceTitle "EXT 2022"]
[Source "ChessBase"]
[SourceDate "2021.10.06"]
[SourceVersion "1"]
[SourceVersionDate "2021.10.06"]
[SourceQuality "1"]

1. e4 c5 2. Nc3 d6 3. f4 Nc6 4. Bb5 Bd7 5. Nf3 g6 6. 0-0 Bg7 7. Bxc6 Bxc6 8. d3 Nf6 9. Qe1 0-0 10. Qh4 e5 11. fxe5 dxe5 12. Be3 Qd6 13. Bh6 Nh5 14. Bxg7 Kxg7 15. Ne2 h6 16. g4 Nf4 17. Nxf4 exf4 18. g5 Rh8 19. e5 Qd7 20. Qxf4 Raf8 21. Rf2 Bd5 22. Raf1 hxg5 23. Nxg5 Qe7 24. c4 Be6 25. Qf6+ Qxf6 26. Rxf6 Bf5 27. Rd6 Rh5 28. Nf3 Rfh8 29. Rf2 Bg4 30. Rf6 Bf5 31. Rd6 Re8 32. Rg2 b6 33. a3 Rh3 34. Kf2 Re7 35. Rg3 Rh8 36. Ke3 Rh5 37. b4 Bc8 38. Kf4 Rf5+ 39. Ke3 Bb7 40. bxc5 bxc5 41. d4 cxd4+ 42. Rxd4 Bxf3 1/2-1/2

[Event "Antioquia op"]
[Site "Antioquia"]
[Date "2020.03.07"]
[Round "7"]
[White "Alarcon Gutierrez, Juan David"]
[Black "Cuartas Lozano, Santiago"]
[Result "1-0"]
[WhiteElo "1426"]
[BlackElo "1244"]
[PlyCount "67"]
[EventDate "2020.03.03"]
[EventType "swiss"]
[EventRounds "9"]
[EventCountry "COL"]
[SourceTitle "CBM 195 Extra"]
[Source "ChessBase"]
[SourceDate "2020.05.31"]
[SourceVersion "1"]
[SourceVersionDate "2020.05.31"]
[SourceQuality "1"]

1. d4 Nf6 2. Nf3 g6 3. g3 Bg7 4. Bg2 0-0 5. 0-0 d6 6. c4 Nbd7 7. Nc3 Re8 8. Re1 a5 9. e4 e5 10. d5 Nc5 11. b3 Bg4 12. Bb2 Qc8 13. Qc2 Bh3 14. Rac1 Bh6 15. Rcd1 Bg7 16. Bh1 Bg4 17. a3 Bh6 18. b4 axb4 19. axb4 Na6 20. Qb3 Bxf3 21. Bxf3 Qh3 22. Na4 Qd7 23. b5 Nb8 24. Ra1 Qc8 25. Ba3 b6 26. Rab1 Nbd7 27. Bb2 Ra7 28. Ra1 Qb7 29. Ra2 Rea8 30. Rea1 Bd2 31. Bg2 Qc8 32. Nxb6 cxb6 33. Rxa7 Rxa7 34. Rxa7 1-0

[Event "Antioquia op"]
[Site "Antioquia"]
[Date "2020.03.04"]
[Round "2"]
[White "Cuartas Lozano, Santiago"]
[Black "Sanchez Arroyave, Juan Pablo"]
[Result "0-1"]
[WhiteElo "1244"]
[BlackElo "1887"]
[PlyCount "62"]
[EventDate "2020.03.03"]
[EventType "swiss"]
[EventRounds "9"]
[EventCountry "COL"]
[SourceTitle "CBM 195 Extra"]
[Source "ChessBase"]
[SourceDate "2020.05.31"]
[SourceVersion "1"]
[SourceVersionDate "2020.05.31"]
[SourceQuality "1"]

1. e4 c5 2. Nf3 e6 3. d4 cxd4 4. Nxd4 a6 5. Nc3 Bb4 6. Bd2 Ne7 7. a3 Ba5 8. Bd3 Nbc6 9. Nb3 Bc7 10. f4 Ng6 11. e5 d6 12. exd6 Bxd6 13. g3 Qc7 14. Qe2 0-0 15. 0-0-0 b5 16. Bxb5 axb5 17. Nxb5 Ba6 18. Qd3 Bxb5 19. Qxb5 Rab8 20. Qd3 Rfd8 21. Qf3 Nge7 22. Rhe1 Nf5 23. Bc3 Rdc8 24. Qd3 Na7 25. Kb1 Nb5 26. Ba5 Nxa3+ 27. bxa3 Qxa5 28. g4 Rc3 29. Qd2 Bxf4 30. Qxf4 Rcxb3+ 31. Kc1 Rb1# 0-1

[Event "COL-ch U20"]
[Site "Tolima"]
[Date "2020.02.15"]
[Round "6"]
[White "Cuartas Lozano, Santiago"]
[Black "Reyes Caicedo, Joseph Alejandro"]
[Result "1-0"]
[WhiteElo "1173"]
[BlackElo "1600"]
[PlyCount "43"]
[EventDate "2020.02.12"]
[EventType "swiss"]
[EventRounds "7"]
[EventCountry "COL"]
[SourceTitle "CBM 195 Extra"]
[Source "ChessBase"]
[SourceDate "2020.05.31"]
[SourceVersion "1"]
[SourceVersionDate "2020.05.31"]
[SourceQuality "1"]

1. e4 c5 2. Nf3 Nc6 3. d4 cxd4 4. Nxd4 Nf6 5. Nc3 Qb6 6. Nb3 e6 7. Be3 Qc7 8. a3 b6 9. Qd2 Bb7 10. 0-0-0 Rd8 11. f4 d6 12. h3 a6 13. g4 Ne7 14. Bg2 g6 15. Qd4 Bg7 16. Qxb6 Qxb6 17. Bxb6 Rd7 18. Rd2 0-0 19. Rhd1 Ne8 20. Bd4 f5 21. Bxg7 Kxg7 22. Nc5 1-0

[Event "COL-ch U20"]
[Site "Tolima"]
[Date "2020.02.14"]
[Round "5"]
[White "Molina Rojas, Andrey Felipe"]
[Black "Cuartas Lozano, Santiago"]
[Result "0-1"]
[WhiteElo "1146"]
[BlackElo "1173"]
[PlyCount "32"]
[EventDate "2020.02.12"]
[EventType "swiss"]
[EventRounds "7"]
[EventCountry "COL"]
[SourceTitle "CBM 195 Extra"]
[Source "ChessBase"]
[SourceDate "2020.05.31"]
[SourceVersion "1"]
[SourceVersionDate "2020.05.31"]
[SourceQuality "1"]

1. e4 e5 2. Nf3 Nc6 3. d4 exd4 4. Nxd4 Bc5 5. Be3 Bxd4 6. Bxd4 Nf6 7. Nc3 0-0 8. Qf3 Nxd4 9. Qg3 Nxc2+ 10. Kd2 Nxa1 11. Bd3 Nb3+ 12. axb3 d6 13. h4 Nh5 14. Qf3 g6 15. g4 Qf6 16. Qg2 Qf4+ 0-1